Precalculus

Сохранить в:
Библиографические подробности
Главный автор:  Coburn, John W
Формат: Sách
Язык:Undetermined
Опубликовано:  McGraw-Hill Higher Education  2007
Предметы:
Метки: Добавить метку
Нет меток, Требуется 1-ая метка записи!
Thư viện lưu trữ: Trung tâm Thư viện - Trường Đại học Công nghiệp TP. Hồ Chí Minh
LEADER 00494nam a2200157Ia 4500
001 UIH_05582
008 231011s9999 xx 000 0 und d
082 |a  512.13 
100 |a  Coburn, John W 
245 0 |a  Precalculus 
245 0 |c  Coburn, John W 
260 |b  McGraw-Hill Higher Education 
260 |c  2007 
650 |a  Đại số học; Lượng giác học;  
927 |a Sách 
980 |a Trung tâm Thư viện - Trường Đại học Công nghiệp TP. Hồ Chí Minh